| 000 | 01265nam a2200265Ia 4500 | ||
|---|---|---|---|
| 999 |
_c53473 _d53473 |
||
| 001 | 20519 | ||
| 003 | GE_BSU | ||
| 005 | 20250725122006.0 | ||
| 008 | 181216s2017||||ge |||||||||||||| ||geo|| | ||
| 020 | _a9789941247088 | ||
| 024 | _2geo | ||
| 040 | _cGE_BSU | ||
| 041 | _ageo | ||
| 080 | _a27-36 თ-54 | ||
| 245 |
_aႧვენი. [ტ.] 18, 21 ივნისი - 30 ივნისი (ახალი სტილით 4 ივლისი - 13 ივლისი) / _cპროექტის ავტორი და რედაქტორი თამარ მამაცაშვილი ; შემდგენელი სოფიო თავაძე ; დიზაინერი რატი თორდია. |
||
| 264 |
_aთბილისი : _bპალიტრა L, _c2017. |
||
| 300 |
_a287 გვ. ; _c22 სმ.. |
||
| 490 | _aჟურნალ "კარიბჭის" ბიბლიოთეკა | ||
| 541 | _h6 ლ. | ||
| 653 | _aთვენი. 21 ივნისი -30 ივნისი. 18. | ||
| 653 | _aრელიგია | ||
| 653 | _aმართლმადიდებლური ეკლესია | ||
| 653 | _aწმინდანთა ცხოვრება | ||
| 942 |
_cBK _2udc |
||